[Event "FIDE-Wch k.o."]
[Site "Tripoli"]
[Date "2004.06.19"]
[Round "1.1"]
[White "Mahjoob, Morteza"]
[Black "Azmaiparashvili, Zurab"]
[Result "1-0"]
[WhiteElo "2478"]
[BlackElo "2679"]
[Annotator "Finkel,A"]
[PlyCount "155"]
[EventDate "2004.06.19"]
[EventType "k.o."]
[EventRounds "7"]
[EventCountry "LBY"]
[SourceTitle "CBM 102"]
[Source "ChessBase"]
[SourceDate "2004.09.23"]
[SourceVersion "1"]
[SourceVersionDate "2004.09.23"]
[SourceQuality "1"]

1. e4 d6 2. d4 Nf6 3. Nc3 g6 4. f4 Bg7 5. Nf3 O-O 6. Bd3 Na6 7. O-O c5 8. d5
Bg4 9. Bc4 {The most accurate move.} (9. h3 Bxf3 10. Rxf3 Nc7 11. a4 Rb8 12.
Qe1 Nd7 13. Bd2 Na6 14. Nd1 e6 15. dxe6 fxe6 16. Bc3 Bxc3 17. Nxc3 $14 {
Polgar,Zso-Hodgson,J/Amsterdam Donner op/1995}) (9. a3 $5 Nc7 10. h3 Bxf3 11.
Qxf3 e6 12. f5 exd5 13. exd5 Nd7 14. Qg3 Be5 15. Bf4 Ne8 16. Bxe5 Nxe5 17. Ne4
$36 {Zulfugarli,M-Kochetkov,G/Nikolaev zt/1995}) (9. Kh1 e6 10. dxe6 fxe6 11.
h3 Bxf3 12. Rxf3 Nb4 13. f5 gxf5 14. exf5 Qc8 $132 {Okkes,M-Cuijpers,F/
NLD-chT9495}) (9. Qe1 $6 Nb4 10. Qh4 c4 11. Bxc4 Nxc2 12. Rb1 Bxf3 $1 13. Rxf3
Rc8 14. Bb3 Nd4 15. Rh3 Nxb3 16. axb3 h5 $15 {Plachetka,J-Jansa,V/CL
Trnava-Bohemians/1992}) 9... Nc7 (9... e6 10. dxe6 Bxe6 11. Bxe6 fxe6 12. Ng5
$1 {/\ f5|^}) (9... Nd7 10. h3 Bxf3 11. Rxf3 (11. Qxf3 Nb6 12. Bb5 f5 13. exf5
gxf5 14. Bd2 Nc7 15. Bd3 c4 16. Be2 $14 {Krakops,M-Nogueiras,J/Ubeda op 1997})
11... Nc7 12. a4 Rb8 13. Qd3 Re8 14. Be3 a6 15. Raf1 $14 {Finkel,A-Zilberman,Y/
ISR-ch 1996}) 10. h3 (10. a4 a6 11. a5 (11. Qe2 $1 Nd7 {xe5} 12. h3 Bxf3 13.
Rxf3 $14) 11... Nb5 $1 $13) 10... Bd7 $6 {Playing with a fire! The whole
variation is extremly risky for black at the first place, but the last move is
definitly not for a players with the weak heart!} (10... Bxf3 11. Qxf3 a6 (
11... e6 $6 12. dxe6 fxe6 13. Be3 (13. Rd1 $5 Qe7 14. f5 $36) 13... b6 14. Rad1
Qe7 15. Rfe1 Kh8 16. g4 Rad8 17. Bf2 Nd7 18. Qg3 $36 {Wedberg,
T-Azmaiparashvili,Z/Reykjavik op 1990}) 12. a4 Nd7 (12... b6 13. Qd3 Qb8 $5 {
[%cal Gb8b7,Gf8b8,Gb6b5]} 14. Be3 Qb7 15. Rab1 $1 $14 {[%cal Gb2b4] Grischuk,
A-Ponomariov,R/Lausanne 2000/CBM 78}) 13. Qd3 Rb8 (13... Nb6 $5 14. Ba2 (14.
Bb3 Rc8 {/\} 15. a5 c4) 14... Qd7 15. a5 Nc8 16. Bd2 b5 17. axb6 Nxb6 18. Rae1
$14 {Dolmatov,S-Chernin,A/Minsk 1987/URS-ch} (18. Nd1 $5 {/\ c4, Bc3+/-})) 14.
Be3 $5 Nb6 15. b3 $5 $14 {Yegiazarian,A-Bogdanovski,V/Ohrid 2001}) 11. a4 a6
12. e5 Nfe8 13. a5 e6 (13... Bb5 14. Qd3 Bxc4 15. Qxc4 Nb5 16. Ne4 Nd4 17. Nxd4
cxd4 18. Qxd4 Qc7 19. Qd3 $16 {De Firmian,N-Todorcevic,M/Las Palmas 1999}) 14.
Be3 Rc8 (14... Bb5 15. Bxb5 axb5 (15... Nxb5 16. Nxb5 axb5 17. dxe6 fxe6 18.
Ng5 $18) 16. dxe6 Nxe6 17. Nxb5 Rxa5 18. Rxa5 Qxa5 19. Nxd6 Nxd6 20. Qxd6 Rd8
21. Qe7 $16) 15. Qd2 exd5 16. Nxd5 Nxd5 17. Bxd5 Bc6 (17... Nc7 18. Bxb7 Rb8
19. Be4 f5 20. Bd5+ $16) 18. Rad1 Bxd5 (18... dxe5 19. Bxf7+ Rxf7 20. Qxd8 Rxd8
21. Rxd8 exf4 22. Bxc5 $18) 19. Qxd5 Rc6 20. f5 $1 {White is playing in very
energetic manner.} gxf5 21. Bg5 Qd7 (21... Qc7 22. Bf4 dxe5 23. Nxe5 Rd6 24.
Qf3 Rxd1 25. Rxd1 Qe7 26. Nd7 Bd4+ 27. Rxd4 cxd4 28. Qg3+ Ng7 29. Nxf8 Qxf8 30.
Be5 $16) 22. Nh4 Nc7 23. Qf3 Bxe5 24. Bh6 (24. Nxf5 f6 (24... Re8 25. Nh6+ Kg7
26. Bf6+ $18) 25. Bh6 Rf7 $13) 24... Re8 25. Nxf5 d5 26. Rde1 Rg6 27. Be3 f6 (
27... Bxb2 28. Nh6+ Kh8 29. Nxf7+ Kg7 30. Bh6+ Rxh6 31. Nxh6 Bd4+ 32. Kh1 Kxh6
33. Rxe8 Nxe8 34. Qf4+ Kg6 35. Qg3+ Kh6 $11) 28. Bxc5 Kh8 $6 (28... Ne6) 29.
Bd4 $36 Nb5 $6 30. Bxe5 fxe5 (30... Rxe5 $2 {[%csl Rh8]} 31. Rxe5 fxe5 32. Nh6
$18) 31. Nh4 Rg7 (31... Rg5 $142 $1 {[%csl Gf5,Gh5]}) 32. Qh5 e4 33. Rf5 Nc7
34. Ref1 Kg8 35. R5f4 $1 $16 {[%cal Gh4f5]} Ne6 36. Rf5 $6 (36. Rf6) 36... Rd8
37. Qh6 Nd4 38. R5f2 Re8 $4 {After quite a few mutual inaccuracies black is
finally making "the last" blunder.} (38... Qe7 $1 39. Rd2 (39. c3 e3 40. cxd4
exf2+ 41. Rxf2 Qe1+ 42. Rf1 Qe4 $15) 39... Nc6 40. Nf5 Qc5+ 41. Kh2 Rg6 $13)
39. Qf6 $18 Nf3+ (39... e3 40. Qf8+ Rxf8 41. Rxf8#) 40. Nxf3 exf3 41. Qxf3 Rg5
42. Qd3 Qe6 43. Qb3 Rg7 44. Rf5 Rd8 45. Qf3 Kh8 46. c3 Qd6 47. Rf8+ Rg8 48. Rf7
$1 Rd7 (48... Rg7 49. Rxg7 Kxg7 50. Qg4+ Kh8 51. Rf7 $18) 49. Rxd7 Qxd7 50. Rd1
Rg5 51. Qf8+ Rg8 52. Qf6+ Rg7 53. Qe5 Qe7 54. Rxd5 Qxe5 55. Rxe5 Rd7 56. Re6
Rd5 57. b4 Rd7 58. Rb6 Rc7 59. c4 Kg7 60. Kf2 Kf7 61. Ke3 Ke8 62. b5 axb5 63.
cxb5 Kd8 64. a6 bxa6 65. Rb8+ Ke7 66. bxa6 Rc3+ 67. Kd4 Ra3 68. Rb7+ Kf6 69.
Rxh7 Kg6 70. Ra7 Ra2 71. Ra8 Kg7 72. g4 Ra3 73. Kc5 Rxh3 74. Rb8 Ra3 75. Kb6
Rb3+ 76. Ka7 Ra3 77. Rb7+ Kf6 78. Rb6+ 1-0

[Event "Mondariz zt 1.1"]
[Site "Mondariz"]
[Date "2000.09.06"]
[Round "4"]
[White "Nataf, Igor Alexandre"]
[Black "Nijboer, Friso"]
[Result "1-0"]
[WhiteElo "2526"]
[BlackElo "2537"]
[Annotator "Finkel,A"]
[PlyCount "71"]
[EventDate "2000.09.03"]
[EventType "swiss"]
[EventRounds "11"]
[EventCountry "ESP"]
[SourceTitle "CBM 079"]
[Source "ChessBase"]
[SourceDate "2000.11.21"]
[SourceVersion "1"]
[SourceVersionDate "2000.11.21"]
[SourceQuality "1"]

1. e4 d6 2. d4 g6 3. Nc3 Bg7 4. f4 Nc6 5. Be3 Nf6 6. Nf3 O-O 7. Be2 e6 8. Qd2 (
8. O-O b6 9. h3 Bb7 10. e5 $14 {Byrne-Lombardy, 1975.}) 8... b6 (8... Ne7 9.
Bd3 (9. h3 b6 10. e5 Nfd5 11. Nxd5 Nxd5 12. Bf2 Bb7 13. O-O-O Bh6 14. g3 dxe5
15. dxe5 Nxf4 16. gxf4 Qxd2+ 17. Kxd2 Bxf4+ 18. Kc3 Bxf3 19. Bxf3 Bxe5+ 20. Bd4
Bxd4+ 21. Rxd4 $16 {[%cal Gd1d8,Gh1d1] Berelovich,A-McNab,C/Koszalin 1998/CBM
65 ext}) (9. Bf2 $5 b6 10. e5 Nfd5 11. Ne4 f5 12. Neg5 h6 13. Nh3 dxe5 14. fxe5
$14 {Wahls,M-Belov,I/Hamburg 1995/EXT 97}) 9... b6 10. h3 Bb7 11. O-O c5 12. e5
Nfd5 13. exd6 Qxd6 14. dxc5 bxc5 15. Ne4 Qc7 16. Bxc5 f5 17. Bd6 Qd8 18. Bxe7
Qxe7 19. Nc3 Nxc3 20. bxc3 Bxf3 21. gxf3 Qc5+ $15 {Thipsay,P-McNab,C/
Thessaloniki 1984/EXT 97-B}) 9. O-O-O Ne7 10. e5 (10. Ng5 h6 11. Nh3 Bb7 12.
Bf3 Rb8 13. g4 b5 14. Qg2 b4 15. Ne2 d5 16. e5 Ne4 17. Ng3 $14 {Botterill,
G-McNab,C/Brighton 1984/MCL}) (10. h4 Bb7 11. h5 Nxe4 12. Nxe4 Bxe4 13. Ng5
Bxg2 14. Rh2 Bb7 15. hxg6 hxg6 16. Ba6 $13 {: Chandler,M-Nijboer,F/London 1992/
CBM 31 ext}) 10... Ng4 (10... Nfd5 11. Nxd5 exd5 (11... Nxd5 12. h4 (12. Bf2 f6
(12... Bb7 13. h4 f6 14. c4 Ne7 15. exf6 Bxf6 16. h5 b5 17. hxg6 Nxg6 18. Be3
$14 {Mikhalchishin,A-Beim,V/Groningen op 1990}) 13. c4 Ne7 14. exf6 Bxf6 15.
Rhe1 a6 (15... b5 16. cxb5 a6 17. b6 cxb6 18. Kb1 $13) 16. Bh4 $1 Nf5 17. Bg5
Bd7 18. Bd3 $14 {Chandler,M-McNab,C/Redbus KO 1999}) 12... Nxe3 13. Qxe3 Bb7
14. h5 dxe5 15. dxe5 Qe7 16. hxg6 hxg6 17. Ng5 $14 {Aagaard,J-McNab,C/
Millennium Masters 2000}) 12. h3 c5 13. c3 (13. g4 dxe5 14. fxe5 Qc7 15. Bh6
Be6 16. Bxg7 Kxg7 17. Qf4 $16 {Gallagher,J-Hickl,J/zt 1.2 2000}) 13... Bf5 14.
Bd3 cxd4 15. cxd4 Be4 16. Ng5 Bxd3 17. Qxd3 Nf5 18. g4 Nxe3 19. Qxe3 $14 {
Stevenson,J-McNab,C/ch-SCO 2000}) 11. Ng5 $5 {As it oftenly happens in this
variation white gives up his bishop in order to develop the initiative on the
kingside.} Nxe3 12. Qxe3 Nd5 $6 {After this move black will remain the
defending side till the end of the game.} (12... Bb7) 13. Nxd5 exd5 14. Bb5 $1
Bg4 $5 ({Even more dangerous is} 14... dxe5 $6 15. dxe5 Bb7 16. h4 (16. e6 $6
Qf6 $1 17. exf7+ Rxf7 $15) 16... c6 17. Bd3 Qe7 18. h5 $36) 15. Bc6 $1 Bxd1 16.
Rxd1 Qe7 (16... Rb8 17. e6 fxe6 (17... Qe7 18. exf7+ Rxf7 19. Qh3 h6 20. Nxf7
Qxf7 21. Qf3 Qf6 22. c3 $16) 18. Qxe6+ Kh8 19. Nf7+ Rxf7 20. Qxf7 Qf8 21. Qxf8+
Rxf8 22. g3 $16) 17. Bxa8 Rxa8 18. e6 f5 $6 ({More persistant was} 18... fxe6
19. Nxe6 (19. Qxe6+ Qxe6 20. Nxe6 c6 21. Nxg7 Kxg7 22. Re1 Kf6 23. Kd2 Rc8 24.
c3 c5 $14) 19... Re8 20. Re1 h6 $14) 19. h3 $16 {[%csl Ge6]} Re8 20. Re1 Qf6
21. c3 Bf8 (21... c5 $5) 22. Kb1 b5 23. g4 Re7 24. Nf7 fxg4 (24... Re8 25. g5
Qe7 26. h4 c5 27. Qf3 $16) 25. hxg4 h5 26. gxh5 Qf5+ 27. Ka1 Qxh5 28. Nd8 $1
$18 {[%cal Gd8c6] Very elegant decisive manouvre.} Re8 29. Nc6 Be7 (29... a6
30. e7 Bg7 31. Qe6+ Kh7 32. Qf7 $18) 30. Nxa7 Bh4 31. Re2 Bg3 32. a3 $1 Kg7 33.
f5 Bf4 34. f6+ $1 Kh7 35. Qxf4 Qxe2 36. Qh4+ (36. Qh4+ Qh5 37. Qxh5+ gxh5 38.
f7 Rf8 39. e7 $18 {[%cal Ge7e8]}) 1-0

[Event "GER CupT final"]
[Site "Luebeck"]
[Date "2001.03.24"]
[Round "1.4"]
[White "Hector, Jonny"]
[Black "Lorscheid, Gerhard"]
[Result "1-0"]
[WhiteElo "2532"]
[BlackElo "2323"]
[Annotator "Finkel,A"]
[PlyCount "37"]
[EventDate "2001.03.24"]
[EventType "team"]
[EventRounds "2"]
[EventCountry "GER"]
[SourceTitle "CBM 082"]
[Source "ChessBase"]
[SourceDate "2001.05.17"]
[SourceVersion "1"]
[SourceVersionDate "2001.05.17"]
[SourceQuality "1"]
[WhiteTeam "Luebeck"]
[BlackTeam "Stuttgart"]
[WhiteTeamCountry "GER"]
[BlackTeamCountry "GER"]

1. e4 d6 2. d4 g6 3. Nc3 Bg7 4. f4 Nf6 5. Nf3 O-O 6. Bd3 Na6 $5 {This
continuation usually leads to very complicated struggle:white tries to create
a threats against black king, while black plays mostly on the queenside and in
the center.} 7. O-O c5 8. d5 Rb8 9. Qe2 Nc7 10. a4 a6 11. a5 Bg4 (11... b5 12.
axb6 Rxb6 13. Na4 Rb8 14. c4 Bg4 15. h3 Bxf3 16. Rxf3 $14 {Obad,A-Milovanovic,
R/Tuzla 1989/EXT 98 (44)}) (11... e6 12. dxe6 Nxe6 13. f5 Nd4 14. Nxd4 cxd4 15.
Nd1 b5 16. Nf2 Re8 17. Qf3 $14 {1-0 Dolmatov,S-Nijboer,F/Reykjavik 1990/CBM 18
ext (31)}) 12. Bc4 $5 (12. h3 Bxf3 13. Rxf3 (13. Qxf3 e6 14. Bc4 exd5 15. exd5
Nd7 16. Na4 Nb5 17. Bd2 $14 {1-0 Chernin,A-Speelman,J/Moscow 1990/TD (25)})
13... e6 14. dxe6 (14. Bc4 exd5 15. exd5 Re8 16. Qd3 Re1+ 17. Rf1 Rxf1+ 18.
Kxf1 Nd7 19. Bd2 b5 20. axb6 Nxb6 21. b3 Qh4 22. Re1 $14 {Nadyrhanov,
S-Tseshkovsky,V/Krasnodar 1998/EXT 2000 (37)}) 14... Nxe6 15. Be3 Re8 16. Qf1
Nd4 17. Rf2 Nb5 $1 $132 {Palac,M-Manca,F/Borovo 1991/CBM 23 ext (57)}) 12... e6
13. dxe6 Nxe6 $6 {[%csl Rd6]} ({The most natural reaction is} 13... fxe6 $1 14.
h3 Bxf3 15. Qxf3 d5 16. exd5 Nfxd5 (16... exd5 17. Rd1 Kh8 18. Nxd5 Nfxd5 19.
Bxd5 Bd4+ 20. Rxd4 cxd4 $13) 17. Rd1 Bxc3 18. bxc3 Qh4 $132 {and black has
good counterchanses.}) 14. Qd3 $5 Re8 $2 {Missing white's reply.} (14... Bxf3
$1 15. Rxf3 $5 (15. gxf3 $6 Nh5 16. Ne2 (16. Nd5 $2 Bd4+ 17. Kg2 Bxb2 $1 $19 {
[%cal Gh5f4,Ge6f4]}) 16... Bh6 $13) 15... Nd4 16. Rf1 Nc6 {[%csl Ra5]} 17. f5
Nxa5 18. Bd5 $44) 15. Ng5 $1 $18 {[%csl Rf7,Rg4] Threatening to take on f7 and
to win a bishop with h3.Black is helpless against those two threats.} Nd7 (
15... Qe7 16. h3 Bh5 17. g4 Nxg4 18. hxg4 Bxg4 19. Nd5 $18) (15... h6 16. Nxf7
Kxf7 17. f5 $18) 16. Nxf7 $1 Kxf7 17. f5 Bd4+ 18. Be3 Ne5 (18... Bxe3+ 19. Qxe3
Kg7 20. Bxe6 gxf5 21. exf5 $18) 19. Bxd4 $1 (19. Bxd4 Nxd3 20. fxe6+ Kg8 21.
e7+ $18 {[%cal Gc4g8]}) 1-0

[Event "Mondariz zt 1.1"]
[Site "Mondariz"]
[Date "2000.09.08"]
[Round "6"]
[White "Vallejo Pons, Francisco"]
[Black "Nijboer, Friso"]
[Result "1-0"]
[WhiteElo "2554"]
[BlackElo "2537"]
[Annotator "Finkel,A"]
[PlyCount "79"]
[EventDate "2000.09.03"]
[EventType "swiss"]
[EventRounds "11"]
[EventCountry "ESP"]
[SourceTitle "CBM 079"]
[Source "ChessBase"]
[SourceDate "2000.11.21"]
[SourceVersion "1"]
[SourceVersionDate "2000.11.21"]
[SourceQuality "1"]

1. e4 d6 2. d4 g6 3. Nc3 Bg7 4. Be3 c6 5. f4 Nf6 6. Nf3 O-O 7. Qd2 (7. Bd3 Qa5
8. h3 Nbd7 9. O-O e5 10. dxe5 dxe5 11. f5 gxf5 12. exf5 $14 {Ivanov,
A-Zlotnikov,M/New York op 1995}) (7. h3 b5 8. e5 Nfd7 9. Bd3 Nb6 10. Qe2 a5 11.
O-O Na6 12. a3 Nc7 13. b3 Ba6 14. f5 $36 {Berescu,A-Horvath,A/Stockerau op 1993
}) 7... b5 8. Bd3 (8. e5 b4 9. Nd1 Nd5 10. a3 Nxe3 11. Nxe3 Bh6 12. g3 bxa3 13.
Rxa3 f6 14. Bg2 $14 {Feigin,M-Beckmann,K/Recklinghausen op 1998}) 8... Nbd7 9.
h3 Nb6 10. O-O a5 11. e5 Nfd5 12. Nxd5 Nxd5 13. c3 $5 {Black bishops are quiet
passive right now that's why white may afford to himself to give up his
dak-squared bishop.} (13. f5 Nxe3 14. Qxe3 gxf5 15. g4 c5 $1 16. gxf5 c4 17.
Kh2 cxd3 18. Qe4 $44 {Kozlov,V-Shchekachev,A/Moscow2 1991}) 13... Rb8 14. Kh1
Qc7 (14... Nxe3 15. Qxe3 b4 16. c4 Ba6 17. Rac1 Qd7 $13) 15. Bg1 Bh6 16. Bh2 f6
(16... dxe5 17. dxe5 Rd8 18. Rad1 Bf5 19. Bxf5 gxf5 20. Nd4 e6 21. Qe2 $14) 17.
exd6 exd6 18. b3 Be6 $6 ({Better was} 18... f5 $5 {showing white that he also
has some weaknesses in his position.} 19. c4 (19. Rae1 Nf6 20. Ng5 d5 $132)
19... bxc4 20. bxc4 Nf6 21. Rae1 d5 22. Ne5 Ne4 23. Qc2 $14) 19. c4 bxc4 20.
bxc4 Nb4 21. Be2 Bf5 22. a3 Na6 {[%csl Ra6]} 23. Rfe1 c5 (23... Rbe8 24. Bd3
Bxd3 25. Qxd3 f5 26. Re2 Qd7 27. Rae1 $14) 24. Bd3 Bd7 (24... Bxd3 25. Qxd3
cxd4 26. Nxd4 Nc5 27. Qf3 Qf7 28. f5 $36 {[%cal Gh2b8]}) 25. d5 Rfe8 26. Rxe8+
Rxe8 27. Re1 Rxe1+ 28. Qxe1 Bf8 (28... Qd8 $2 29. f5 $1 $16 {[%csl Rd6]}) 29.
f5 $1 {The differnce in the strength of pieces is simply huge:black bishops
and can barely move,while their white opponents control almost all the board.}
g5 30. h4 h6 (30... g4 31. Nd2 Qd8 32. Ne4 Bxf5 33. Nxc5 Bxd3 34. Qe6+ Kh8 35.
Nxd3 $16) 31. Nd2 Qd8 32. Ne4 Bxf5 (32... Bc8 33. Qe2 {[%cal Ge2h5]}) 33. Nxg5
$1 fxg5 (33... Bxd3 34. Qe6+ Kg7 35. Qf7+ Kh8 36. Ne6 $18) 34. Bxf5 {[%csl Rg8]
} Kh8 (34... Qf6 35. Bc8 Nc7 36. hxg5 hxg5 37. Qxa5 Qf1+ 38. Bg1 Ne8 39. Be6+
Kh8 40. Qd8 $18) 35. Bc2 gxh4 36. Bf4 Nb8 37. Qc3+ Kg8 (37... Bg7 38. Qd3) 38.
Qd3 Bg7 39. Qh7+ Kf8 40. Qg6 $1 {[%csl Rd6]} 1-0

[Event "Asia-ch"]
[Site "Kolkata"]
[Date "2001.08.11"]
[Round "3"]
[White "Izmukhambetov, Salauat"]
[Black "Villamayor, Buenaventura"]
[Result "1-0"]
[WhiteElo "2352"]
[BlackElo "2560"]
[Annotator "Finkel,A"]
[PlyCount "58"]
[EventDate "2001.08.09"]
[EventType "swiss"]
[EventRounds "11"]
[EventCountry "IND"]
[SourceTitle "CBM 085"]
[Source "ChessBase"]
[SourceDate "2001.11.13"]
[SourceVersion "1"]
[SourceVersionDate "2001.11.13"]
[SourceQuality "1"]

1. e4 d6 2. d4 Nf6 3. Nc3 g6 4. f4 Bg7 5. Nf3 c5 6. Bb5+ Bd7 7. e5 Ng4 8. h3 (
8. e6 fxe6 9. Ng5 Bxb5 10. Nxe6 Bxd4 $1 11. Nxd8 Bf2+ 12. Kd2 Be3+ $10) 8...
cxd4 (8... Nh6 9. g4 (9. Bxd7+ Qxd7 10. dxc5 dxc5 11. Be3 $16 {()}) 9... Bxb5
10. Nxb5 Qa5+ 11. Nc3 cxd4 12. Qxd4 Nc6 13. Qe4 (13. Qa4 Qxa4 14. Nxa4 O-O-O
15. Bd2 dxe5 16. fxe5 b6 $13 {Jirkovsky,T-Kratochvil,M/CZE-chT1b 1995}) 13...
O-O-O 14. Bd2 dxe5 15. fxe5 e6 (15... f5 $5 16. Qc4 fxg4 17. hxg4 Rhf8 $132 {
Hermlin,A-Chipashvili/USSR/1976/}) 16. O-O-O $16 {Saint Amand,P-Gulati,A/North
Bay op 1998}) (8... Bxb5 9. Nxb5 dxe5 (9... cxd4 10. O-O Ne3 11. Bxe3 dxe3 12.
exd6 Na6 13. Qe2 O-O 14. Rfd1 exd6 $15 {Steadman,M-Goffin,P/NZD-chB 1993}) 10.
hxg4 Qa5+ 11. Bd2 (11. c3 Qxb5 12. dxe5 Nc6 {Coleman,D-Walker,GB-ch Eastbourne
1991} 13. Qe2 $14 {_|_<->h()}) 11... Qxb5 12. dxe5 Qxb2 $1 13. Rb1 Qxa2 14.
Rxb7 Qd5 15. Qb1 O-O $13 {Grosar,A-Chernin,A/AUT-chT9596 1996}) 9. Qxd4 Bxb5 (
9... Nh6 10. g4 (10. Bd2 Bxb5 (10... Nf5 11. Qf2 Bxb5 12. Nxb5 a6 13. Nc3 dxe5
14. fxe5 Nc6 $132) 11. Nxb5 Nc6 12. Qf2 dxe5 13. fxe5 a6 14. Nc3 Nf5 15. O-O-O
$36 {Sigurjonsson,G-Westerinen,H/Geneve/1977}) (10. Bxd7+ Qxd7 (10... Nxd7 11.
g4 $36) 11. g4 Nc6 12. Qe4 O-O 13. Bd2 dxe5 14. fxe5 $14 {Thorhallsson,
T-Gretarsson,H/Hafnarfirdi (08)/1992/ (23)}) 10... O-O 11. Bxd7 Qxd7 (11...
Nxd7 12. Be3 Qa5 13. O-O-O Nb6 14. Kb1 Rac8 15. Nd5 $36 {Klovan,J-Tseitlin,Ma/
USSR/1973/}) 12. Be3 $14 {Van der Wiel,J-Van Wely,L/Ter Apel 1993}) (9... dxe5
$6 10. Qd5 $1 e4 11. Ng5 Nh6 12. Qxb7 Bxc3+ 13. bxc3 Bxb5 14. Qxa8 Bc6 15. Qxa7
O-O 16. g4 $1 Qd5 17. Ba3 Rd8 18. Qd4 Qa5 19. Qc5 $16 {Sigurjonsson,G-Vogt,L/
Cienfuegos/1976/}) 10. Nxb5 Qa5+ 11. Nc3 $5 {Theory recommends 11.Qc3, but
also a move in the game promises white slightly better chanses} (11. Qc3 Qxc3+
12. bxc3 Nh6 13. Nc7+ Kd7 14. Nxa8 Nc6 15. Rb1 Rxa8 16. Rxb7+ Kc8 17. Rb5 Nf5
18. Kf2 (18. O-O $5 a6 19. Rd5 e6 20. Rd3 dxe5 21. fxe5 $16 {Van der Brink,
P-Leuw,M/Leeuwarden op 1993}) 18... a6 19. Rd5 e6 20. Rd3 dxe5 21. Nxe5 Nxe5
22. fxe5 Bxe5 23. Rhd1 $16 {Lawrenz,A-Meyer,H/OL-NW9394 1994}) 11... Nc6 12.
Qe4 Nh6 13. g4 $1 {[%csl Rh6]} dxe5 14. fxe5 O-O (14... Rd8 15. Bd2 O-O 16.
O-O-O f5 17. exf6 exf6 18. Rhe1 $14) (14... Nxe5 $2 15. Nxe5 Bxe5 16. Bxh6
Bxc3+ 17. bxc3 Qxc3+ 18. Kf2 $18) 15. Bd2 f5 16. exf6 exf6 17. O-O-O $14 {
Black bishop on g7 and knight on h6 are out of play and black has to pplay f5
in order to make them come into play, but it's not so easy to transfer f5} Nf7
$6 (17... Rad8 18. Kb1 Rfe8 19. Qc4+ Nf7 20. Rhe1 Rxe1 21. Rxe1 $14) 18. Rhe1
Rad8 19. Kb1 f5 {Opening g-file whih proves to be very dangerous} (19... Nfe5
20. Nxe5 fxe5 (20... Nxe5 21. Qxb7 $16) 21. Bg5 Rd4 (21... Rxd1+ 22. Rxd1 Rf7
23. a3 Nd4 24. h4 $14) 22. Rxd4 exd4 23. Nd5 $14) 20. gxf5 Qxf5 (20... gxf5 21.
Qh4 $14 {[%cal Ge1g1]}) 21. Qxf5 gxf5 22. Rg1 Kh8 (22... Rfe8 $5) 23. Ne2 $1
Nd6 $2 (23... Nfe5 24. Ng5 Nc4 25. Bc1 Rde8 26. Nf4 $14) 24. Nf4 Rfe8 25. Nh5
$1 $18 Ne4 (25... Bd4 26. Nxd4 Nxd4 27. Bg5 $18 {[%cal Gg5f6]}) 26. Nxg7 Nxd2+
27. Nxd2 Rg8 28. Nxf5 Rxg1 29. Rxg1 Rxd2 (29... Rxd2 30. Nh6 Rd8 (30... Ne7 31.
Nf7#) 31. Nf7#) 1-0

[Event "RUS-ch"]
[Site "Krasnodar"]
[Date "2002.09.04"]
[Round "9"]
[White "Jakovenko, Dmitrij"]
[Black "Lugovoi, Aleksei"]
[Result "0-1"]
[WhiteElo "2552"]
[BlackElo "2516"]
[Annotator "Finkel,A"]
[PlyCount "82"]
[EventDate "2002.08.27"]
[EventType "swiss"]
[EventRounds "9"]
[EventCountry "RUS"]
[SourceTitle "CBM 091"]
[Source "ChessBase"]
[SourceDate "2002.11.12"]
[SourceVersion "1"]
[SourceVersionDate "2002.11.12"]
[SourceQuality "1"]

1. e4 d6 2. d4 Nf6 3. Nc3 g6 4. f4 Bg7 5. Nf3 O-O 6. Bd3 Na6 7. O-O c5 8. d5
Rb8 9. Qe2 Nc7 10. a4 b6 (10... Re8 11. Bc4 e6 12. dxe6 Bxe6 13. Rd1 Qe7 14. e5
dxe5 15. Nxe5 Nh5 $13 {Heinemann,T-Fritsche,L/Germany 1992}) (10... Bg4 11. h3
(11. Bc4 a6 12. a5 e6 13. dxe6 fxe6 14. h3 Bxf3 15. Qxf3 Kh8 16. Rd1 Qe7 17.
Be3 Nh5 18. g3 $14 {Berkvens,J-Gassij,O/Lausanne 2000}) 11... Bxf3 12. Qxf3 e6
13. Bd2 exd5 14. exd5 Nd7 15. f5 Ne5 16. Qg3 c4 $13 {Pina,S-Gurieli,N/Istanbul
2000}) 11. Nb5 $5 {Trading black knight on c7 seems wrong, but it seems that
white may fight for opening advantage with this weird move.} (11. Nd1 e6 12.
dxe6 fxe6 13. c4 d5 14. Nf2 dxe4 15. Nxe4 Nxe4 16. Bxe4 Ne8 17. Rd1 Qc7 18. Ra3
$14 {Shirov,A-Hodgson,J/Gausdal 1990}) 11... a6 12. Nxc7 Qxc7 13. c4 (13. Re1
Qb7 14. c4 Bg4 15. h3 Bxf3 16. Qxf3 Nd7 17. Ra2 Rbe8 18. b3 e6 19. Rae2 $14 {
Albrecht,H-Pohl Kuemmel,J/Bayern 1994}) 13... e6 14. dxe6 (14. e5 Ne8 15. Bd2
b5 16. dxe6 Bxe6 17. axb5 axb5 18. cxb5 c4 19. Bc2 Rxb5 20. Bc3 $13 {Botterill,
G-Taulbut,S/Brighton 1977}) 14... Bxe6 15. f5 {Very agressive move, but hardly
the best one in the position.} (15. Bd2 $5 Rfe8 16. Bc3 Bd7 17. e5 dxe5 18.
Nxe5 $13) 15... Bd7 16. Qe1 Rbe8 17. Qh4 Bc6 18. Re1 Qb7 $5 {[%csl Re4]} (18...
Nd7 19. Bh6 f6 20. fxg6 hxg6 21. Re3 Ne5 22. Nxe5 dxe5 23. Bxg7 Kxg7 24. Rf1
Qd6 $15 {Treybal,D-Ftacnik,L/Stary Smokovec 1976}) 19. Bg5 $5 (19. Bh6 Bxe4 20.
Bxg7 Kxg7 21. Bxe4 Rxe4 $17) 19... Bxe4 $2 {Taking on e4 with the wrong piece.}
(19... Nxe4 $5 20. f6 Bh8 21. Bxe4 Rxe4 22. Rxe4 Bxe4 $15) 20. Bxe4 $2 {
For some reason white deviates from logical B:f6, which led to white's
advantage.} (20. Bxf6 $1 Bxf6 (20... Bxd3 21. Bxg7 Kxg7 22. f6+ Kh8 23. Qh6 Rg8
24. Ng5 $18) 21. Bxe4 Bxh4 22. Bxb7 Bxe1 23. Rxe1 Rxe1+ 24. Nxe1 Re8 25. Kf2 a5
26. fxg6 fxg6 27. Nd3 $14 {[%csl Rb6]}) 20... Nxe4 21. f6 Bh8 22. Nd2 Nxg5 23.
Qxg5 Re6 $1 $17 {[%csl Rf6] Now it's just a matter of techinque.} 24. Rf1 (24.
Rxe6 fxe6 25. Rf1 d5 $19 {[%csl Rf6][%cal Gb7f7]}) 24... h6 $5 25. Qh4 Re2 {
[%cal Ge2d2,Ge2g2]} 26. Rf2 Rxf2 27. Kxf2 Re8 28. Ra3 Re6 29. Rf3 d5 $1 {
[%cal Gb7c6]} 30. b3 Qc6 31. Qxh6 Bxf6 $19 32. Qf4 dxc4 33. Nxc4 Bd4+ 34. Kf1
Qe8 35. Qg3 (35. g3 Rf6 36. Qg4 Qe6 $1 {[%csl Rf3]} 37. Qxe6 Rxf3+ 38. Ke2 Rf2+
39. Kd3 fxe6 $19) 35... Qe7 36. h4 b5 37. Na5 c4 38. h5 Be5 (38... Bb6 $5) 39.
Qf2 Qd8 40. hxg6 fxg6 41. g3 Bc7 {[%csl Ra5]} 0-1